000 01835nam a2200301 i 4500
003 DO-SdBNP
005 20240808111452.0
006 a||||br|||| 00| 0
007 ta
008 220722e1983 dr a|||gr|||| 001 0 spa d
040 _aDO-SdBNP
_bspa
_cBNPHU
_erda
082 4 _222
_a370.114
_bA445e, 1984
100 1 _92511
_aAlmánzar, José Nicolás
_eautor
245 1 0 _aEducación moral y cívica /
_cJosé Nicolás Almánzar.
250 _a7a edición
264 1 _aSanto Domingo :
_bColegial Quisqueyana,
_c1984
300 _a200 páginas :
_bilustraciones ;
_c27 cm.
336 _2rdacontent
_atexto
_btxt
337 _2rdamedia
_asin mediacion
_bn
338 _2rdacarrier
_avolumen
_bnc
500 _aDeclarado como libro de texto por el Consejo Nacional de Educación mediante Resolución no. 175 en mayo de 1975.
505 _aDedicatoria --
_tNuestra intención --
_tUnidad 1. La sociedad --
_tUnidade 2. Derechos y deberes ciudadanos --
_tUnidad 3. Regimen municipal, provincial y nacional --
_tUnidad 4. Moral y religión --
_tUnidad 5. Gobierno y soberanía --
_tUnidad 6. El poder --
_tUnidad 7. El poder legislativo --
_tUnidad 8. El poder judicial --
_tUnidad 9. Sistemas penitenciarios --
_tUnidad 10. La constitución del estado --
_tUnidad 11. El poder electoral y el poder de la prensa --
_tUnidad 12. La administración pública --
_tUnidad 13. El trabajo --
_tUnidad 14. Organismos internacionales --
_tUnidad 15. Reformas Constitucionales --
_tUnidad 16. Elecciones generales de 1978 y Reformas Constitucionales de 1979 --
_tUnidad 17. Elecciones Generales de 1982
586 _aPremio Nacional de didáctica "Manuel de Jesús Peña y Reinoso", 1975
590 _aInventariado, 2024 / MF
650 4 _aEducacion Moral
_xLibro de texto
_986249
650 4 _aEducación cívica
_xLibros texto
_979154
942 _2ddc
_cLBS1
999 _c52218
_d52218